Kouzlo sortimentu

Umenie zvoliť správny pomer lacnejšieho a značkového tovaru v plnosortimentných obchodných reťazcoch. Ako správne predať základné potraviny a pečivo, mäso a údeniny, mlieko a mliečne výrobky, kávu, čaj, ovocie a zeleninu, konzervy, mrazené potraviny, cukrovinky, nealko, pivo, víno, sekty a liehoviny...

Descrizione completa

Salvato in:
Dettagli Bibliografici
Natura: Capitolo di libro
Lingua:ceco
Soggetti:
Tags: Aggiungi Tag
Nessun Tag, puoi essere il primo ad aggiungerne!!

MARC

LEADER 00000naa a2200000 4500
001 r037334
005 20230727075535.8
041 0 |a cze 
044 |a CZ 
245 1 0 |a Kouzlo sortimentu 
520 |a Umenie zvoliť správny pomer lacnejšieho a značkového tovaru v plnosortimentných obchodných reťazcoch. Ako správne predať základné potraviny a pečivo, mäso a údeniny, mlieko a mliečne výrobky, kávu, čaj, ovocie a zeleninu, konzervy, mrazené potraviny, cukrovinky, nealko, pivo, víno, sekty a liehoviny. 
610 2 0 |a technika predaja 
610 2 0 |a psychológia predaja 
610 2 0 |a predaj 
610 2 0 |a tovar značkový 
610 2 0 |a tovar spotrebný 
610 2 0 |a predajne 
610 2 0 |a siete obchodné 
610 2 0 |a sortiment tovaru 
610 2 0 |a potraviny 
610 2 0 |a potraviny mrazené 
610 2 0 |a pochutiny 
610 2 0 |a marketing mix 
610 2 0 |a reťazce obchodné